Nắm bắt lại những vấn đề phong phú của văn học thế kỷ XVIII và nửa đầu thế kỉ XIX /
সংরক্ষণ করুন:
| প্রধান লেখক: | |
|---|---|
| বিন্যাস: | প্রবন্ধ |
| ভাষা: | Vietnamese |
| বিষয়গুলি: | |
| ট্যাগগুলো: |
ট্যাগ যুক্ত করুন
কোনো ট্যাগ নেই, প্রথমজন হিসাবে ট্যাগ করুন!
|
| Thư viện lưu trữ: | Thư viện Trường Đại học Đà Lạt |
|---|
| LEADER | 00841nam a2200265 4500 | ||
|---|---|---|---|
| 001 | DLU090068013 | ||
| 005 | ##20090416 | ||
| 040 | # | # | |a DLU |b vie |
| 041 | # | # | |a vie |
| 044 | # | # | |a vn |
| 100 | # | # | |a Nguyễn Huệ Chi, |c GS. |
| 245 | # | # | |a Nắm bắt lại những vấn đề phong phú của văn học thế kỷ XVIII và nửa đầu thế kỉ XIX / |c Nguyễn Huệ Chi. |
| 653 | # | # | |a Lịch sử văn học |
| 653 | # | # | |a Văn học cổ điển |
| 653 | # | # | |a Văn học trung đại |
| 773 | # | # | |t Tạp chí văn học |g Số 4(338), 2000, tr. 3-11 |
| 920 | # | # | |a Phòng Tạp chí -- Trung tâm Thông tin - Thư viện Trường Đại học Đà Lạt |
| 994 | # | # | |a DLU |
| 900 | # | # | |a True |
| 911 | # | # | |a Nguyễn Thị Linh Chi |
| 925 | # | # | |a G |
| 926 | # | # | |a A |
| 927 | # | # | |a BB |
| 980 | # | # | |a Thư viện Trường Đại học Đà Lạt |